Ngôn ngữ học qua các nền văn hóa = Linguistics across cultures

সংরক্ষণ করুন:
গ্রন্থ-পঞ্জীর বিবরন
প্রধান লেখক: Lado, Robert
বিন্যাস: গ্রন্থ
ভাষা:Undetermined
প্রকাশিত: Hà Nội Đại học quốc gia Hà Nội 2003
বিষয়গুলি:
ট্যাগগুলো: ট্যাগ যুক্ত করুন
কোনো ট্যাগ নেই, প্রথমজন হিসাবে ট্যাগ করুন!
Thư viện lưu trữ: Trung tâm Học liệu Trường Đại học Cần Thơ
LEADER 00602nam a2200205Ia 4500
001 CTU_74324
008 210402s9999 xx 000 0 und d
020 |c 20800 
082 |a 410.1 
082 |b L156 
100 |a Lado, Robert 
245 0 |a Ngôn ngữ học qua các nền văn hóa = 
245 0 |b Linguistics across cultures 
245 0 |c Robert Lado; Hoàng Văn Vân dịch 
260 |a Hà Nội 
260 |b Đại học quốc gia Hà Nội 
260 |c 2003 
650 |a Linguistics 
904 |i TUYEN 
980 |a Trung tâm Học liệu Trường Đại học Cần Thơ